Sự phát triển của tư tưởng ở Việt Nam Từ thế kỉ XIX đến cách mạng tháng 8 T.2 Hệ ý thức tư sản và sự bất lực của nó trước các nhiệm vụ lịch sử
v...v
Đã lưu trong:
| Tác giả chính: | |
|---|---|
| Định dạng: | Sách |
| Ngôn ngữ: | Vietnamese |
| Năm xuất bản: |
H.
Chính trị Quốc gia
1997
|
| Phiên bản: | Xuất bản lần thứ 3 |
| Chủ đề: | |
| Tags: |
Thêm thẻ
Không có thẻ, Hãy là người đầu tiên gắn thẻ bản ghi này!
|
| LEADER | 01448cam a2200349 a 4500 | ||
|---|---|---|---|
| 001 | 2066326 | ||
| 005 | 20161013162401.0 | ||
| 008 | 940609s1993 vm b s000 0 vie | ||
| 040 | |a DLC |c DLC |d DLC | ||
| 042 | |a lcode | ||
| 043 | |a a-vt--- | ||
| 050 | 0 | 0 | |a DS556.42 |b .T7 1993 |
| 082 | |a 121.4 |b TR120V | ||
| 100 | 1 | |a Trần Văn Giàu | |
| 245 | 1 | 0 | |a Sự phát triển của tư tưởng ở Việt Nam |c Trần Văn Giàu |n T.2 |b Từ thế kỉ XIX đến cách mạng tháng 8 |p Hệ ý thức tư sản và sự bất lực của nó trước các nhiệm vụ lịch sử |
| 250 | |a Xuất bản lần thứ 3 | ||
| 260 | |a H. |b Chính trị Quốc gia |c 1997 | ||
| 300 | |a 584tr. |c 21 cm | ||
| 520 | |a v...v | ||
| 651 | 0 | |a Vietnam |x Intellectual life. | |
| 653 | |a Tư tưởng | ||
| 653 | |a Việt Nam | ||
| 653 | |a Thế kỉ 19 | ||
| 653 | |a Lịch sử | ||
| 653 | |a Phát triển | ||
| 653 | |a Thế kỉ 20 | ||
| 906 | |a 7 |b cbc |c origode |d 2 |e ncip |f 19 |g y-gencatlg | ||
| 942 | |2 ddc |c STK0 | ||
| 955 | |a wj07; yk06 07-22-94; yk10 07-29-94 | ||
| 999 | |c 2455 |d 2455 | ||
| 952 | |0 0 |1 0 |2 ddc |4 0 |6 121_400000000000000_TR120V |7 1 |8 100 |9 31589 |a qbu |b qbu |c D2 |d 2014-12-13 |g 38000 |o 121.4 TR120V |p 4296.C1 |r 0000-00-00 |w 2014-12-13 |y STK0 |0 0 |6 121_400000000000000_TR120V | ||
| 952 | |0 0 |1 0 |2 ddc |4 0 |6 121_400000000000000_TR120V |7 0 |8 100 |9 31590 |a qbu |b qbu |c D2 |d 2014-12-13 |g 38000 |o 121.4 TR120V |p 4296.C2 |r 0000-00-00 |w 2014-12-13 |y STK0 |0 0 |6 121_400000000000000_TR120V | ||